• Zaccaria, Francesco Antonio,

di Personal Name

Records bibliografici associati: 1

001 - CONTROL NUMBER

  • control field: 51684

003 - CONTROL NUMBER IDENTIFIER

  • control field: IT-RoINE

005 - DATE AND TIME OF LATEST TRANSACTION

  • control field: 20180716115824.0

008 - FIXED-LENGTH DATA ELEMENTS

  • fixed length control field: 180716|| aca||aabn | a|a d

040 ## - CATALOGING SOURCE

  • Original cataloging agency: IT-RoINE
  • Transcribing agency: IT-RoINE

100 ## - HEADING--PERSONAL NAME

  • Personal name: Zaccaria, Francesco Antonio,
  • Titles and other words associated with a name: S.I.,
  • Dates associated with a name: 1714-1795

670 ## - SOURCE DATA FOUND

  • Source citation: Work cat.: (IT-RoINE)0: Zaccaria, Francesco Antonio, S.I., 1714-1795, Raccolta di dissertazioni di storia ecclesiastica in italiano, scritte o tradotte dal francese ... /, 1840-1841.